000 00319nam a2200133Ia 4500
005 20251222143259.0
008 251222s9999||||xx |||||||||||||| ||spa||
020 _a84-01-33206-0
082 _a613.25/A78
100 _aArtigas Garcia, José
245 0 _aLa Dieta Cosmética
264 _bPlaza & Janés
942 _cLIB
999 _c15279
_d15279